书目信息 |
| 题名: |
化工AutoCAD应用基础
|
|
| 作者: | 张秋利 , 周军 主编 | |
| 分册: | ||
| 出版信息: | 北京 化学工业出版社 2012.08 |
|
| 页数: | 222页 | |
| 开本: | 28cm | |
| 丛书名: | ||
| 单 册: | ||
| 中图分类: | TQ050.2-39 | |
| 科图分类: | ||
| 主题词: | 化工机械 , 化工设备 | |
| 电子资源: | ||
| ISBN: | 7-122-14618-9 | |
| 000 | 00696nam0 2200229 450 | |
| 001 | 1356802783 | |
| 005 | 20201103114030.92 | |
| 010 | @a7-122-14618-9@dCNY29.00 | |
| 100 | @a20131227d2012 km y0chiy0120 ea | |
| 101 | 0 | @achi |
| 102 | @aCN@b110000 | |
| 200 | 1 | @a化工AutoCAD应用基础@Ahua gong AutoCAD ying yong ji chu@f张秋利, 周军主编@Fzhang qiu li,zhou jun zhu bian |
| 205 | @a2版 | |
| 210 | @a北京@c化学工业出版社@d2012.08 | |
| 215 | @a222页@d28cm | |
| 606 | 0 | @a化工机械 |
| 606 | 0 | @a化工设备 |
| 690 | @aTQ050.2-39@v4 | |
| 701 | 0 | @a张秋利@Azhang qiu li@4主编 |
| 701 | 0 | @a周军@Azhou jun@4主编 |
| 801 | 0 | @aCN@b大连网信软件有限公司图书馆·11@c20131227 |
| 905 | @aZUCC@dTQ050.2-39@eZ153=2 | |
| 化工AutoCAD应用基础/张秋利, 周军主编.-2版.-北京:化学工业出版社,2012.08 |
| 222页;28cm |
| ISBN 7-122-14618-9:CNY29.00 |
| ● |
| 相关链接 |
|
|
|
正题名:化工AutoCAD应用基础
索取号:TQ050.2-39/Z153=2
 
预约/预借
| 序号 | 登录号 | 条形码 | 馆藏地/架位号 | 状态 | 备注 |
| 1 | 1453671 | 214536714 | 期刊室512/501自科库 138排4列2层/ [索取号:TQ050.2-39/Z153=2] | 在馆 | |
| 2 | 1453672 | 214536723 | 期刊室512/501自科库 138排4列2层/ [索取号:TQ050.2-39/Z153=2] | 在馆 | |
| 3 | 1498852 | 214988520 | 期刊室512/ [索取号:TQ050.2-39/Z153=2] | 在馆 | |
| 4 | 1498853 | 214988539 | 期刊室512/501自科库 138排4列2层/ [索取号:TQ050.2-39/Z153=2] | 在馆 | |
| 5 | 1498854 | 214988548 | 期刊室512/501自科库 138排4列2层/ [索取号:TQ050.2-39/Z153=2] | 在馆 | |
| 6 | 1501650 | 215016505 | 自科库501/501自科库 138排4列2层/ [索取号:TQ050.2-39/Z153=2] | 在馆 | |
| 7 | 492594 | 204925947 | 自科库501/201建筑库 34排3列3层/ [索取号:TQ050.2-39/Z153=2] | 在馆 |